Základy psychologie manželského a rodinného soužití /

Hlavní autor: Kimplová, Tereza, 1978-
Korporativní autor: Ostravská univerzita. Katedra pedagogické a školní psychologie
Jazyk: Čeština
Vydáno: Ostrava : Ostravská univerzita v Ostravě, 2008
Vydání: Vyd. 1.
Témata:
Externí odkaz: Digitalizovaný dokument
Fyzický popis: 87 s. ; 24 cm
Knihy
Uloženo v:
LEADER 02153nam a2200529 a 4500
001 nkc20091856627
003 CZ PrNK
005 20090430141445.0
007 ta
008 090217s2008 xr e p 000 0 cze
015 |a cnb001856627 
020 |a 978-80-7368-619-2  |q (brož.) :  |c Kč 90,00 
035 |a (OCoLC)320226467 
040 |a OLA001  |b cze 
072 7 |a 316.4/.7  |x Sociální interakce. Sociální komunikace  |2 Konspekt  |9 18 
072 7 |a 37.016  |x Učební osnovy. Vyučovací předměty. Učebnice  |2 Konspekt  |9 22 
080 |a 316.614.5  |2 MRF 
080 |a 173.1  |2 MRF 
080 |a 159.9  |2 MRF 
080 |a 316.344.6-056.26/.3-053.2  |2 MRF 
080 |a 364.63-053.2  |2 MRF 
080 |a (075.8)  |2 MRF 
100 1 |a Kimplová, Tereza,  |d 1978-  |7 xx0059632  |4 aut 
245 1 0 |a Základy psychologie manželského a rodinného soužití /  |c Tereza Kimplová 
250 |a Vyd. 1. 
260 |a Ostrava :  |b Ostravská univerzita v Ostravě,  |c 2008 
300 |a 87 s. ;  |c 24 cm 
500 |a Pod názvem: Katedra pedagogické a školní psychologie, Pedagogická fakulta, Ostravská univerzita 
500 |a 500 výt. 
504 |a Obsahuje bibliografii a bibliografické odkazy 
650 0 7 |a psychologie rodiny  |7 ph117484  |2 czenas 
650 0 7 |a manželství  |7 ph115224  |x psychologické aspekty  |2 czenas 
650 0 7 |a děti se zdravotním postižením  |7 ph116745  |2 czenas 
650 0 7 |a týrané děti  |7 ph116519  |2 czenas 
650 0 9 |a psychology of family  |2 eczenas 
650 0 9 |a marriage  |x psychological aspects  |2 eczenas 
650 0 9 |a children with disabilities  |2 eczenas 
650 0 9 |a abused children  |2 eczenas 
655 7 |a učebnice vysokých škol  |7 fd133772  |2 czenas 
655 9 |a textbooks (higher)  |2 eczenas 
710 2 |a Ostravská univerzita.  |b Katedra pedagogické a školní psychologie  |7 olak2009488436 
856 4 1 |u http://www.digitalniknihovna.cz/mzk/uuid/uuid:b11f3d20-bb27-11e3-9d7d-005056827e51  |y Digitalizovaný dokument  |x NDK 
910 2 |a BOA001  |b 2-1219.729 
990 |a BK 
995 |a 01 
991 |b 200903  |c NOV 
996 6 |b 2610369778  |c 2-1219.729  |l MZK  |r Sklad / do 1 hodiny  |n 55  |p p.v.  |w 000930799  |u 000010  |a 1  |e BOA001  |j MZK50  |s P